載入...

Annual report- July1, 2013- June 30, 2014 /

書目詳細資料
主要作者: World Bank
語言:Undetermined
出版: Washington : WB ,
LEADER 00402nam a2200133Ia 4500
001 189341
008 170722s9999 xx 000 0 und d
100 |a World Bank 
245 |a Annual report- July1, 2013- June 30, 2014 / 
260 |a Washington :  |b WB , 
500 |a The inspection panel 
942 |c GEN 
999 |c 174999  |d 174999 
952 |0 0  |1 0  |4 0  |7 0  |9 240841  |a LIB  |b LIB  |d 2017-08-12  |p UN3887  |r 2017-08-12  |w 2017-08-12  |y GEN